| 000 | 01283nam a22003254a 4500 | ||
|---|---|---|---|
| 001 | ebr10047066 | ||
| 003 | CaPaEBR | ||
| 006 | m u | ||
| 007 | cr cn||||||||| | ||
| 008 | 000309s2000 nyu sb 001 0 eng | ||
| 010 | _z 00029632 | ||
| 020 | _z0306463849 | ||
| 040 |
_aCaPaEBR _cCaPaEBR |
||
| 035 | _a(OCoLC)55664103 | ||
| 050 | 1 | 4 |
_aR725.5 _b.L64 2000eb |
| 082 | 0 | 4 |
_a174/.2 _221 |
| 100 | 1 | _aLoewy, Roberta Springer. | |
| 245 | 1 | 0 |
_aIntegrity and personhood _h[electronic resource] : _blooking at patients from a bio/psycho/social perspective / _cRoberta Springer Loewy. |
| 260 |
_aNew York : _bKluwer Academic/Plenum Publishers, _cc2000. |
||
| 300 | _axv, 109 p. | ||
| 504 | _aIncludes bibliographical references (101-103) and index. | ||
| 533 |
_aElectronic reproduction. _bPalo Alto, Calif. : _cebrary, _d2013. _nAvailable via World Wide Web. _nAccess may be limited to ebrary affiliated libraries. |
||
| 650 | 0 | _aMedical ethics. | |
| 650 | 0 |
_aMedicine _xPhilosophy. |
|
| 650 | 0 |
_aPhysician and patient _xSocial aspects. |
|
| 650 | 0 | _aIntegrity. | |
| 655 | 7 |
_aElectronic books. _2local |
|
| 710 | 2 | _aebrary, Inc. | |
| 856 | 4 | 0 |
_uhttp://site.ebrary.com/lib/rucke/Doc?id=10047066 _zAn electronic book accessible through the World Wide Web; click to view |
| 999 |
_c173605 _d173605 |
||